00772nam a22001817a 4500003000900000008004100009020001800050040007100068082002600139100002100165245002400186260005300210300003200263505022600295650001300521650001300534710004300547AR-CdUCM190513b ||||| |||| 00| 0 spa d a9786071632159 aMUNICIPALIDAD PROVINCIAL DEL CUSCOcBIBLIOTECA MUNICIPAL DEL CUSCO a535/M32bM322Tercera aMalacara, Daniel aÓptica básica / aMéxico ;bFondo de Cultura Económica,c2015. a600 Páginas. :c27x19 cm. aContenido: Fundamentos de la óptica geométrica -- Lentes delgadas y espejos esféricos -- Lentes gruesas, espejos planos y prismas cromático dispersores -- Teoría de las aberraciones -- Instrumentos ópticos ... aÓptica aFísica aEdiciones Científicas Universitarias